| 000 | 00966cab a2200241 4500 | ||
|---|---|---|---|
| 001 | WB3138-22 | ||
| 008 | 090401t1995 xxu||||| |||| 00| 0 eng d | ||
| 035 | _a(Sirsi) u66656 | ||
| 041 | _aeng | ||
| 245 | _aNew noise rules for railways | ||
| 260 | _c1995 | ||
| 350 | _a0 | ||
| 490 |
_aENDS Report _v(248) September 1995, 33-34(1) |
||
| 520 | _aSummarises regulations which come into force on 1 March 1996 regarding the duty on authorities to provide noise insulation or grant for insulation for residential buildings within 300 metres of a new railway or road. Also examines eligibility requirements for insulation. | ||
| 650 | _aNOISE INSULATION (RAILWAYS AND OTHER GUIDED TRANSPORT SYSTEMS) REGULAT | ||
| 650 | _aNOISE INSULATION | ||
| 650 | _aNOISE | ||
| 650 | _aRAILWAYS | ||
| 650 | _aREGULATIONS | ||
| 690 | _aENVIRONMENTAL AND LAND CONSULTANCY-PLANNING AND DEVELOPMENT-COMPULSORY PURCHASE AND COMPENSATION | ||
| 942 | _n0 | ||
| 948 | _c04/03/1997 | ||
| 999 |
_c41635 _d41635 |
||